|
|
|
|
| LEADER |
00000nam0a2200000 4500 |
| 001 |
273932 |
| 005 |
20231101234658.0 |
| 020 |
|
|
|a RU
|b 87-82488
|
| 035 |
|
|
|a (RuTPU)RU\TPU\book\297142
|
| 090 |
|
|
|a 273932
|
| 100 |
|
|
|a 20141030d1987 k y0rusy5003 ca
|
| 101 |
0 |
|
|a rus
|
| 102 |
|
|
|a RU
|
| 105 |
|
|
|a a z 001zy
|
| 200 |
1 |
|
|a Подводные каньоны Байкала
|f Е. Б. Карабанов, В. А. Фиалков
|g Академия наук СССР (АН СССР), Сибирское отделение (СО), Лимнологический институт ; отв. ред. Г. А. Сафьянов
|
| 210 |
|
|
|a Новосибирск
|c Наука
|d 1987
|
| 215 |
|
|
|a 104,[2] с.
|c ил.
|
| 320 |
|
|
|a Библиогр.: с. 97-103
|
| 606 |
1 |
|
|a Байкал, озеро
|2 stltpush
|3 (RuTPU)RU\TPU\subj\27979
|9 51607
|
| 606 |
1 |
|
|a Морское дно
|x Рельеф
|2 stltpush
|3 (RuTPU)RU\TPU\subj\44469
|9 63790
|
| 610 |
1 |
|
|a подводные каньоны
|
| 610 |
1 |
|
|a осадки
|
| 610 |
1 |
|
|a литодинамические процессы
|
| 610 |
1 |
|
|a суспензионные потоки
|
| 610 |
1 |
|
|a осадочные толщи
|
| 610 |
1 |
|
|a формирование
|
| 610 |
1 |
|
|a береговая зона
|
| 675 |
|
|
|a 556.55
|z rus
|v 3
|
| 675 |
|
|
|a 551.462
|z rus
|v 3
|
| 700 |
|
1 |
|a Карабанов
|b Е. Б.
|g Евгений Борисович
|4 070
|
| 701 |
|
1 |
|a Фиалков
|b В. А.
|g Владимир Абрамович
|4 070
|
| 702 |
|
1 |
|a Сафьянов
|b Г. А.
|4 340
|
| 712 |
0 |
2 |
|a Академия наук СССР (АН СССР)
|b Сибирское отделение (СО)
|b Лимнологический институт
|c (Иркутск)
|2 stltpush
|3 (RuTPU)RU\TPU\col\15682
|
| 801 |
|
0 |
|a RU
|b RuMRKP
|c 19950417
|g psbo
|
| 801 |
|
1 |
|a RU
|b 63413507
|c 20141030
|
| 801 |
|
2 |
|a RU
|b 63413507
|c 20170117
|g RCR
|
| 942 |
|
|
|c BK
|